000 00527nam a2200145 a 4500
001 000036999
005 20200930080055.0
008 120207s2011 dr d 000 0 spa d
040 _aDO-SdBNP
_bspa
_cBNPHU
082 _axxx
_bM425p
100 1 _aMateo, Ramona,
_d1956-
_963394
245 1 0 _aPrevalencia de pacientes con ITS/VIH SIDA :
_bEn la provincia de San Cristóbal, R. D., Hospital Centro Integral Juan Pablo Pina /
_cRamona Mateo.
260 _aSanto Domingo :
_bMargraf,
_c2011.
300 _a152 p. :
_bil., diagrs. ;
_c22 cm.
999 _c36489
_d36489